000 00477nam a22001457a 4500
999 _c130910
_d130910
005 20230606121353.0
008 230606b ||||| |||| 00| 0 eng d
040 _cPK-LaUMT
082 _a891.4393
_bSYE-K
100 _aSyed Kazam Raza = سید کاظم رضا
245 _aKoee nah sir utha ke challay = کویء نہ سرا ٹھا کے چلے /
_cby Syed Kazam Raza = سید کاظم رضا
260 _aLahore :
_bFiction House,
_c1999
300 _a256 p.
942 _cBK